000 00616nam a22001937a 4500
005 20260212130732.0
010 _aENG-147814
020 _a9789391766559
_c450.00
035 _aEN-131346
037 _bDBAD
082 _a921
_21
100 _aSamar Singh
_987349
245 _aRaja Rammohun Roy:
_bThe Pioneer of Indian Renaissance/
_cSamar Singh
250 _a1
260 _aNew Delhi
_bAtharv Publications
_c2025
270 _bNew Delhi
_a110, Ist Floor, Gali No. 4, Harphool Vihar, Bapraula
_e110043
_matharvpublications@gmail.com
300 _a120p.
_c22cm(hb)
942 _2ddc
_cEN
_h921
_mSAM
999 _c214843
_d214843